Hockey Players by Birthplace - Statistics

General Stats
  • This quiz has been taken 50 times
    48 since last reset
  • The average score is 15 of 32
Answer Stats
Player Country/State/Province % Correct
Henrik Lundqvist Sweden
81%
Leon Draisaitl Germany
76%
Auston Matthews California
67%
Pavel Datsyuk Russia
67%
Mats Zuccarello Norway
64%
Anze Kopitar Slovenia
64%
Saku Koivu Finland
62%
Sidney Crosby Nova Scotia
62%
Zdeno Chara Slovakia
62%
Roman Josi Switzerland
62%
Guy Lafleur Quebec
60%
Patrick Kane New York
57%
Mark Messier Alberta
52%
Jack Hughes Florida
50%
Matthew Tkachuk Arizona
48%
Thomas Vanek Austria
48%
Joe Sakic British Columbia
48%
Milan Hejduk Czech Republic
48%
Johnny Gaudreau New Jersey
48%
Frans Nielsen Denmark
45%
Phil Esposito Ontario
45%
Sandis Ozolinsh Latvia
40%
Bobby Clarke Manitoba
38%
Joe Pavelski Wisconsin
38%
Chris Chelios Illinois
33%
Zach Parise Minnesota
33%
Peter Stastny Czechoslovakia
31%
Alexander Mogilny Soviet Union
29%
Mike Modano Michigan
24%
Bryan Trottier Saskatchewan
24%
Jeremy Roenick Massachusetts
21%
Ken Hodge United Kingdom
19%
No matching quizzes found
Score Distribution
Percent of People with Each Score
Percentile by Number Answered
Your Score History
You have not taken this quiz since the last reset